Structure, style, and usage / (Record no. 18004)

MARC details
000 -LEADER
fixed length control field 007200000a22002050004500
003 - CONTROL NUMBER IDENTIFIER
control field dpl
005 - DATE AND TIME OF LATEST TRANSACTION
control field 20081031141817.0
008 - FIXED-LENGTH DATA ELEMENTS--GENERAL INFORMATION
fixed length control field 081031t xxu||||| |||| 00| 0 eng d
010 ## - LIBRARY OF CONGRESS CONTROL NUMBER
LC control number ENG-84701
020 ## - INTERNATIONAL STANDARD BOOK NUMBER
International Standard Book Number 0195668367
Terms of availability 395.00 (hb)
035 ## - SYSTEM CONTROL NUMBER
System control number EN-68234
082 ## - DEWEY DECIMAL CLASSIFICATION NUMBER
Classification number 488.24
100 ## - MAIN ENTRY--PERSONAL NAME
Personal name Yadurajan, K S
245 ## - TITLE STATEMENT
Title Structure, style, and usage /
Statement of responsibility, etc y K S Yadurajan
260 ## - PUBLICATION, DISTRIBUTION, ETC. (IMPRINT)
Place of publication, distribution, etc New Delhi
Name of publisher, distributor, etc Oxford University Press
Date of publication, distribution, etc 2005
300 ## - PHYSICAL DESCRIPTION
Extent xiii,235p
Dimensions 22cm
500 ## - GENERAL NOTE
General note Includes bibliographical references
942 ## - ADDED ENTRY ELEMENTS (KOHA)
Source of classification or shelving scheme Dewey Decimal Classification
Koha item type English Books
Classification part 488.24
Call number suffix YAD
Holdings
Withdrawn status Lost status Source of classification or shelving scheme Damaged status Not for loan Home library Current library Date acquired Cost, normal purchase price Total Checkouts Full call number Barcode Date last seen Copy number Cost, replacement price Price effective from Koha item type
    Dewey Decimal Classification   Not For Loan D.B.Act.Division D.B.Act.Division 26/03/2007 395.00   488.24 YAD EN-68234 04/11/2008 1 395.00 04/11/2008 English Books

© Delhi Public Library
Hit Counter
free hit counter